• 首页
  • 本馆介绍
  • 公告通知
  • 最新文献
  • 馆藏检索
  • 电子资源
  • 读者导购
  • 参考咨询
  • 我的图书馆
  • 登录
  • 详细信息显示
  • 放入我的书架
  • 预约/预借图书
  • 作者相关作品
  • 分类相关作品
  • 丛书相关作品
  • 出版社相关作品

书目信息

  • 表格格式
  • 工作单格式
  • 卡片格式
题名:
现代女性生活手册
    
 
作者: 盛平 , 王伟 , 徐晨 主编
分册:  
出版信息: 北京   工人出版社  1985
页数: 618页
开本: 19cm
丛书名:
单 册:
中图分类: D442.64-62 , D442.64
科图分类:
主题词: 女性-生活--手册 , 生活-女性--手册 , 妇女运动 , 妇女组织
电子资源:
ISBN:
000 00820nam0 2200313 45
001 0185000891
005 20040421085310.1
010    @dCNY3.85
091    @a17007.18
100    @a19900824d1985 me y0chiy0121 ea
101 0  @achi
102    @aCN@b110000
105    @ay z 000yy
106    @ar
200 10 @a现代女性生活手册@Axian dai nv xing sheng huo shou ce@f盛平等主编
210    @a北京@c工人出版社@d1985
215    @a618页@d19cm
606    @a女性-生活@x手册
606    @a生活-女性@x手册
606 0  @a妇女运动
606 0  @a妇女组织
690    @aD442.64-62@v3
690    @aD442.64
701  0 @a盛平@Asheng ping@4主编
701  0 @a王伟@Awang wei@4主编
701  0 @a徐晨@Axu chen@4主编
801  0 @aCN@b深圳图书馆@c20040421
801  2 @aCN@bNLC@c20040421
905    @f2@b204953-954@dD442.64@e2
    
    现代女性生活手册/盛平等主编.-北京:工人出版社,1985
    618页;19cm
    
    
    ISBN :CNY3.85
    
●
相关链接 在E读中查询图书 在五车中查询图书 在当当中查询图书 在豆瓣中查询图书


正题名:现代女性生活手册     索取号:D442.64/2         预约/预借

序号 登录号 条形码 馆藏地/架位号 状态 备注
1 0204953   000382810   第一借阅区/ [索取号:D442.64/2] 在馆    
2 0204954   000481534   第一样本阅览室/ [索取号:D442.64/2] 在馆    
唐山师范学院图书馆 欢迎您!
大连网信软件有限公司© 版权所有